LEADER 01070nam a2200301 i 4500 001 991000786849707536 005 20020507173557.0 008 950626s1960 us ||| | eng 035 $ab1075717x-39ule_inst 035 $aLE01302313$9ExL 040 $aDip.to Matematica$beng 082 0 $a516.57 084 $aAMS 06C 084 $aAMS 51D30 084 $aLC QA611.V6 100 1 $aNeumann, John :$cvon$012895 245 10$aContinuous geometry /$cJohn von Neumann ; foreword by Israel Halperin 260 $aPrinceton, N. J. :$bPrinceton University Press,$c1960 300 $a299 p. ;$c23 cm 490 0 $aPrinceton mathematical series,$x0079-5194 ;$v25 650 0$aContinuous geometries and related topics 650 0$aModular lattices 907 $a.b1075717x$b23-02-17$c28-06-02 912 $a991000786849707536 945 $aLE013 51D NEU11 (1960)$g1$i2013000031064$lle013$o-$pE0.00$q-$rl$s- $t0$u12$v0$w12$x0$y.i10851604$z28-06-02 996 $aContinuous geometry$9147362 997 $aUNISALENTO 998 $ale013$b01-01-95$cm$da $e-$feng$gus $h0$i1 LEADER 01325nam 2200445 450 001 9910793999903321 005 20221031021530.0 010 $a1-78491-981-0 035 $a(CKB)4100000009076111 035 $a(Au-PeEL)EBL5845627 035 $a(OCoLC)1114970594 035 $a(MiAaPQ)EBC5845627 035 $a(EXLCZ)994100000009076111 100 $a20190923h20182018 uy| 0 101 0 $aeng 135 $aurcnu|||||||| 181 $2rdacontent 182 $2rdamedia 183 $2rdacarrier 200 10$aHousehold food storage in ancient Israel and Judah /$fTim Frank 210 1$aOxford :$cArchaeopress Archaeology,$d[2018] 210 4$dİ2018 215 $a1 online resource (196 pages) $cillustrations (some color) 311 $a1-78491-980-2 320 $aIncludes bibliographical references. 606 $aAntiquities 606 $aExcavations (Archaeology)$zIsrael 606 $aFood$xStorage$zIsrael$xHistory 615 0$aAntiquities. 615 0$aExcavations (Archaeology) 615 0$aFood$xStorage$xHistory. 676 $a933.4 700 $aFrank$b Tim$f1977-$01478624 801 0$bMiAaPQ 801 1$bMiAaPQ 801 2$bMiAaPQ 906 $aBOOK 912 $a9910793999903321 996 $aHousehold food storage in ancient Israel and Judah$93694372 997 $aUNINA LEADER 02242nam a2200421 i 4500 001 991000886729707536 005 20241119153310.0 008 010704s1968 it er 001 0 ita d 035 $ab11429537-39ule_inst 035 $aPARLA201161$9ExL 040 $aBibl. Dip.le Aggr. Studi Umanistici - Sez. Filosofia$bita$cSocioculturale Scs 041 1 $aita$hger 082 04$a160$223 100 1 $aHusserl, Edmund$035554 240 10$aLogische Untersuchungen$921744 245 10$aRicerche logiche /$cEdmund Husserl ; a cura di Giovanni Piana 260 $aMilano :$bIl saggiatore,$c1968 300 $a2 volumi ;$c21 cm 490 1 $aLa cultura. Biblioteca di filosofia e di scienze dell'uomo ;$v24.[1-2] 505 00$gVol. 1:$tProlegomeni a una logica pura, Prima ricerca, Seconda ricerca. -$gXLVII, 493 p. -$g(24.[1]) 505 00$gVol. 2:$tTerza ricerca, Quarta ricerca, Quinta ricerca, Sesta ricerca. -$g562 p. -$g(24.[2]) 650 4$aLogica 700 1 $aPiana, Giovanni$d<1940-2019> 740 0 $aProlegomeni a una logica pura ;$n1 740 0 $aTerza ricerca ;$n2 830 3$aLa cultura.$pBiblioteca di filosofia e di scienze dell'uomo ;$v24.[1-2] 907 $a.b11429537$b22-07-13$c01-07-02 912 $a991000886729707536 945 $aLE008 CR O V 60$g1$i2008000245825$lle008$o-$pE0.00$q-$rl$s-$t0$u1$v0$w1$x0$y.i14559699$z21-09-07 945 $aLE005 MF 8 A 23/I$cv. 1$g1$i2005000215773$lle005$o-$pE0.00$q-$rl$s-$t0$u10$v4$w10$x0$y.i15070542$z05-02-10 945 $aLE005 MF 8 A 23/II$cv. 2$g1$i2005000215780$lle005$o-$pE0.00$q-$rl$s-$t0$u14$v5$w14$x0$y.i15070554$z05-02-10 945 $aLE022 MP 71 A 16/II$cV. 2$g1$i2022000066044$lle022$nS.i.$o-$pE0.00$q-$rl$s-$t0$u4$v16$w4$x0$y.i12821627$z27-10-03 945 $aLE022 MP 71 A 16/I$cV. 1$g0$i2022000066051$lle022$nS.i.$o-$pE0.00$q-$rl$s-$t0$u6$v18$w6$x0$y.i13065993$z27-01-04 945 $aLE005 MF 8 A 23/II bis$g2$i2005000266447$lle005$o-$pE0.00$q-$rl$s-$t0$u5$v1$w5$x0$y.i15524127$z22-07-13 945 $aLE005 MF 8 A 23/I bis$g2$i2005000262340$lle005$o-$pE0.00$q-$rl$s-$t0$u8$v4$w8$x0$y.i15524139$z22-07-13 996 $aLogische Untersuchungen$921744 997 $aUNISALENTO 998 $ale008$a(2)le005$a(2)le022$b01-01-01$cm$da$e-$fita$git$h0$i5